Countries with the Best Beaches - Statistics

General Stats
  • This quiz has been taken 372 times
  • The average score is 5 of 10
Answer Stats
# Answer % Correct
3 Australia
80%
7 Mexico
73%
8 Italy
65%
2 Greece
61%
1 Philippines
47%
4 Maldives
45%
9 Portugal
42%
6 Fiji
35%
10 Seychelles
30%
5 Mauritius
21%
No matching quizzes found
Score Distribution
Percent of People with Each Score
Percentile by Number Answered
Your Score History
You have not taken this quiz